Branches of the U.S. Military - Statistics

General Stats
  • This quiz has been taken 24,466 times
    24,447 since last reset
  • The average score is 5 of 6
Answer Stats
Founded Branch % Correct
1794 Navy
98%
1947 Air Force
96%
1775 Army
94%
1798 Marines
87%
2019 Space Force
72%
1915 Coast Guard
70%
No matching quizzes found
Score Distribution
Percent of People with Each Score
Percentile by Number Answered
Your Score History
You have not taken this quiz since the last reset